| 000 | 00697nam a2200241Ia 4500 | ||
|---|---|---|---|
| 003 | OSt | ||
| 005 | 20220928124047.0 | ||
| 006 | a|||||r|||| 00| 0 | ||
| 007 | ta | ||
| 008 | 220927b |||||||| |||| 00| 0 eng d | ||
| 024 | _a43593 | ||
| 037 | _cTextual | ||
| 040 |
_aSDCL _cSDCL _beng |
||
| 041 |
_2eng _aeng |
||
| 082 | _aSM9:86, N5 | ||
| 100 |
_aMesser Stanley B _9463235 |
||
| 245 | 0 |
_aModels of brief psychodynamic therapy _b A comparative approach. |
|
| 260 |
_aNew York _b Guilford Press _c1995 |
||
| 300 |
_axv,374p. _ccm. |
||
| 700 |
_a Warren C Seth _9463236 |
||
| 942 |
_hSM9:86, N5 _cTEXL _2CC |
||
| 999 |
_c776171 _d776171 |
||